00293nam a2200121Ia 4500008004100000041000800041082001400049100001900063245002300082260002800105300003100133365000700164240624s9999 xx 000 0 und d aeng a658.8 GRO aGROSS ANDREW C aBUSINESS MARKETING c2000aDelhibA.I.T.B.S. axxi, : 763 : p. : cm. ; 24 cRS